| 000 | 01849cam a22004454a 4500 | ||
|---|---|---|---|
| 001 | 5564 | ||
| 003 | BD-DhEWU | ||
| 005 | 20181122131946.0 | ||
| 008 | 021105s2003 nyua b 001 0 eng | ||
| 010 | _a 2002043077 | ||
| 020 | _a0071389148 (alk. paper) | ||
| 020 | _a9780071389143 | ||
| 040 |
_aDNLM/DLC _cDLC _dDLC _dBD-DhEWU _beng |
||
| 041 | _aeng | ||
| 050 | 0 | 0 |
_aRA1211 _b.C298 2003 |
| 060 | 1 | 0 |
_aQV 600 _bC3349 2003 |
| 082 | 0 | 0 |
_a615.9 _222 _bCAS 2003 |
| 245 | 0 | 0 |
_aCasarett and Doull's essentials of toxicology / _ceditors, Curtis D. Klaassen and John B. Watkins III. |
| 246 | 1 | 4 | _aCasarett & Doull's essentials of toxicology |
| 246 | 3 | 0 | _aEssentials of toxicology |
| 260 |
_aNew York : _bMcGraw-Hill/Medical Pub. Div., _cc2003. |
||
| 300 |
_axv, 533 p. : _bill. ; _c23 cm. |
||
| 504 | _aIncludes bibliographical references and index. | ||
| 505 | 2 |
_tTOC _aGeneral principles of toxicology -- Disposition of toxicants -- Nonorgan-directed toxicity -- Target organ toxicity -- Toxic agents -- Environmental toxicology -- Applications of toxicology. |
|
| 526 | _aPharmacy | ||
| 590 | _aShaharima Parvin | ||
| 650 | 0 |
_aToxicology. _99033 |
|
| 650 | 1 | 2 |
_aPoisons _xtoxicity. _91038 |
| 650 | 2 | 2 |
_aToxicology. _99034 |
| 700 | 1 |
_aCasarett, Louis J. _91042 |
|
| 700 | 1 |
_aKlaassen, Curtis D. _91040 |
|
| 700 | 1 |
_aWatkins, John B. _q(John Barr) _91041 |
|
| 856 | 4 | 2 |
_3Contributor biographical information _uhttp://www.loc.gov/catdir/bios/mh041/2002043077.html |
| 856 | 4 | 1 |
_3Table of contents _uhttp://www.loc.gov/catdir/toc/mh041/2002043077.html |
| 856 | 4 | 2 |
_3Worldcat details _uhttp://www.worldcat.org/title/casarett-and-doulls-essentials-of-toxicology/oclc/51009607&referer=brief_results |
| 856 | 4 | 2 |
_3Ebook Fulltext _uhttp://lib.ewubd.edu/ebook/5564 |
| 942 |
_2ddc _cTEXT _023 |
||
| 999 |
_c5564 _d5564 |
||
| 999 |
_c5564 _d5564 |
||
| 999 |
_c5564 _d5564 |
||